[Event "POL-chT 2nd League"]
[Site "Jastrzebia Gora"]
[Date "2022.09.11"]
[Round "9.63"]
[White "Kalmuk, Krzysztof"]
[Black "Karabasz, Kacper"]
[Result "1-0"]
[WhiteElo "1997"]
[BlackElo "1520"]
[PlyCount "99"]
[EventDate "2022.09.03"]
[EventType "team-swiss"]
[EventRounds "9"]
[EventCountry "POL"]
[SourceTitle "CBM 210 Extra"]
[Source "ChessBase"]
[SourceDate "2022.11.30"]
[SourceVersion "1"]
[SourceVersionDate "2022.11.30"]
[SourceQuality "1"]
[WhiteTeam "Gliwice Politechnika Slaska"]
[BlackTeam "Krakow AGH"]
[WhiteTeamCountry "POL"]
[BlackTeamCountry "POL"]

1. Nf3 d5 2. b3 Nf6 3. Bb2 Bf5 4. e3 e6 5. Be2 h6 6. Ne5 Nbd7 7. f4 Nxe5 8. fxe5 Nd7 9. 0-0 Qg5 10. Rf3 Bg4 11. Rg3 Bxe2 12. Qxe2 Qf5 13. d4 g5 14. c4 c6 15. Nc3 h5 16. e4 dxe4 17. Nxe4 g4 18. Rf1 Qg6 19. h3 Rg8 20. hxg4 h4 21. Rh3 Qxg4 22. Qf2 Be7 23. Qxf7+ Kd8 24. Qf3 Qg6 25. Nf6 Rf8 26. d5 Bxf6 27. exf6 e5 28. f7 Ke7 29. dxc6 bxc6 30. Ba3+ c5 31. Qd5 Rac8 32. Rxh4 Rxf7 33. Rxf7+ Qxf7 34. Qe4 Rg8 35. Rh7 Rg7 36. Bxc5+ Nxc5 37. Qxe5+ Ne6 38. Rxg7 Qxg7 39. Qxg7+ Nxg7 40. Kf2 Kf6 41. Ke3 Ke5 42. Kd3 Nh5 43. Kc3 Nf4 44. g4 Ne6 45. Kb4 Kd4 46. Kb5 Nc7+ 47. Kc6 Ne6 48. Kb7 a5 49. Kb6 a4 50. bxa4 1-0

[Event "Bydgoszcz U18"]
[Site "Bydgoszcz"]
[Date "2018.02.12"]
[Round "1.5"]
[White "Karabasz, Kacper"]
[Black "Kutowski, Marcel"]
[Result "1-0"]
[WhiteElo "1436"]
[BlackElo "1211"]
[PlyCount "71"]
[EventDate "2018.02.12"]
[EventType "swiss"]
[EventRounds "9"]
[EventCountry "POL"]
[SourceTitle "EXT 2023"]
[Source "ChessBase"]
[SourceDate "2022.10.05"]
[SourceVersion "1"]
[SourceVersionDate "2022.10.05"]
[SourceQuality "1"]

1. c4 e6 2. d4 d5 3. Nc3 Bb4 4. e3 Nf6 5. a3 Bxc3+ 6. bxc3 Ne4 7. Qc2 Nd7 8. Bd3 Ndf6 9. cxd5 exd5 10. Ne2 0-0 11. 0-0 c6 12. f3 Nd6 13. e4 dxe4 14. fxe4 Ng4 15. h3 Nh6 16. e5 Ndf5 17. Bxf5 Nxf5 18. Rxf5 Bxf5 19. Qxf5 Qd5 20. Qg4 Kh8 21. Be3 f5 22. Qf3 Qb3 23. Bf4 Qb2 24. Qf1 b6 25. Qd1 Qb5 26. Ng3 Qc4 27. Qc2 c5 28. Rd1 g6 29. Bg5 Rac8 30. d5 Kg7 31. Qd2 Qa4 32. Bh6+ Kf7 33. e6+ Ke7 34. Bxf8+ Rxf8 35. d6+ Kxe6 36. Qe2+ 1-0